|
|
|
|
| LEADER |
00000nam a2200000 a 4500 |
| 001 |
vtls009458613 |
| 003 |
SK-MaSNL |
| 005 |
20260301082001.0 |
| 008 |
240315s2008 xo dl d p 000 0 slo |
| 015 |
|
|
|a SNBA2009/03-01096
|
| 020 |
|
|
|a 9788080835705
|q (brož.)
|
| 035 |
|
|
|a 91C97462-BD44-4A74-8E49-246EC0C748E5
|
| 035 |
|
|
|a urn:nbn:sk:snk-aml5ox
|
| 035 |
|
|
|a urn:nbn:sk:snk-am008voz
|
| 040 |
|
|
|a SNK
|b slo
|c SNK
|e AACR2
|
| 041 |
0 |
|
|a slo
|
| 044 |
|
|
|a xo
|c SK
|
| 072 |
|
7 |
|a 577
|x Biochémia. Molekulárna biológia. Biofyzika
|2 konspekt
|
| 080 |
|
|
|a 577.1
|2 2001
|
| 080 |
|
|
|a 632.911
|2 2001
|
| 080 |
|
|
|a (075.8)
|2 2001
|
| 100 |
1 |
|
|a Skoršepa, Marek,
|d 1976-
|4 aut
|9 204826
|
| 245 |
1 |
0 |
|a Biochemické experimentálne metódy
|c Marek Skoršepa, Dagmar Vaculčíková, Kamil Cejpek
|
| 250 |
|
|
|a 1. vyd.
|
| 260 |
|
|
|a Banská Bystrica
|b Univerzita Mateja Bela, Fakulta prírodných vied
|c 2008
|
| 300 |
|
|
|a 198 s.
|b grafy, sch., tab.
|c 25 cm
|
| 504 |
|
|
|a Bibliogr. s. 198
|
| 650 |
0 |
7 |
|a biochémia
|2 SNKPH
|9 696
|
| 650 |
0 |
7 |
|a experimentálne metódy
|2 SNKPH
|9 51081
|
| 655 |
|
7 |
|a učebnice vysokých škôl
|2 SNKPH
|9 70191
|
| 700 |
1 |
|
|a Vaculčíková, Dagmar
|4 aut
|9 21464
|
| 700 |
1 |
|
|a Cejpek, Kamil,
|d 1942-
|4 aut
|9 93510
|
| 919 |
|
|
|a 978-80-8083-570-5
|
| 958 |
|
|
|a NB
|
| 958 |
|
|
|a OND
|
| 968 |
|
|
|d 56/59
|
| 999 |
|
|
|c 657352
|d 659282
|
| 952 |
|
|
|a SNK
|b SNK
|y PREZ
|7 0
|p 17A0607482
|o snkSC 133969
|i snk2009/7
|8 0
|0 0
|1 0
|4 0
|d 2009-01-07
|f 1
|l 0
|r 2025-06-30 00:00:00
|w 2026-02-23
|